00444nam a2200145 a 450000100100000000500170001000800410002704000250006808200080009310000210010124000330012224500430015526000650019830000350026300004006520201002033909.0130805s1979 ck ac 000 0 spa d aDO-SdBNPbspacBNPHU axxx1 aBronowski, Jacob10aThe ascent of manlespañol10aEl ascenso del hombre /cJ. Bronowski. aBogotá, Colombia :bFondo Educativo Interamericano,c1979. a448 p. :bil., retr. ;c25 cm.